书目信息 |
| 题名: |
医方集解
|
|
| 作者: | 汪〓庵 著 | |
| 分册: | ||
| 出版信息: | 上海 上海科学技术出版社 1959 |
|
| 页数: | 342页 | |
| 开本: | 19cm | |
| 丛书名: | ||
| 单 册: | ||
| 中图分类: | R289.349 | |
| 科图分类: | ||
| 主题词: | 方书--中国--清代 | |
| 电子资源: | ||
| ISBN: | ||
| 000 | 00625nam0 2200241 45 | |
| 001 | 0179008721 | |
| 005 | 20060803150328.53 | |
| 010 | @dCNY1.05 | |
| 091 | @a14119.266 | |
| 100 | @a19950811e19791959em y0chiy0121 ea | |
| 101 | 0 | @achi |
| 102 | @aCN@b310000 | |
| 105 | @ay z 000yy | |
| 200 | 10 | @a医方集解@Ayi fang ji jie@f(清)汪〓庵著 |
| 205 | @a新1版 | |
| 210 | @a上海@c上海科学技术出版社@d1959@h1979重印 | |
| 215 | @a342页@d19cm | |
| 300 | @a〓=[讠刃](ren) | |
| 606 | @a方书@y中国@z清代 | |
| 690 | @aR289.349@v3 | |
| 701 | 0 | @a汪〓庵@Awang ren an@4著 |
| 801 | 0 | @aCN@bTSSF@c20060803 |
| 905 | @a10447@dR289.349@e142 | |
| 医方集解/(清)汪〓庵著.-新1版.-上海:上海科学技术出版社,1959(1979重印) |
| 342页;19cm |
| 〓=[讠刃](ren) |
| ISBN :CNY1.05 |
| ● |
| 相关链接 |
|
|
|
|
正题名:医方集解
索取号:R289.349/142
 
预约/预借
| 序号 | 登录号 | 条形码 | 馆藏地/架位号 | 状态 | 备注 |
| 1 | 0439607 | 204396073 | 密集书库/ [索取号:R289.349/142] | 在馆 |